[Event "Berliner Sommer"]
[Site "Berlin"]
[Date "1994.??.??"]
[Round "?"]
[White "Novik, Maxim"]
[Black "Pigusov, Evgeny"]
[Result "1-0"]
[WhiteElo "2460"]
[BlackElo "2575"]

1.e4 c5 2.c3 Nf6 3.e5 Nd5 4.Nf3 Nc6 5.d4 cxd4 6.Bc4 Nb6 7.Bb3 d6 8.exd6 Qxd6
9.O-O Be6 10.Na3 Bxb3 11.Qxb3 e6 12.Rd1 Be7 13.Nb5 Qb8 14.Nbxd4 O-O 15.Nxc6 bxc6
16.c4 Qc7 17.Qc2 e5 18.b3 f6 19.Nh4 Bc5 20.Nf5 Rfd8 21.Be3 Bxe3 22.Nxe3 Nd7
23.c5 Nf8 24.Nf5 g6 25.Qc4+ Kh8 26.Nd6 Rd7 27.f4 exf4 28.Qxf4 f5 29.Re1 Rg7
30.Rad1 a5 31.Qd4 Qd7 32.Qe5 Qc7 33.Qf6 Qd7 34.Rd2 Kg8 35.Rde2 Qa7 36.Qd4 Rd7
37.Qc4+ Kh8 38.Qc3+ Kg8 39.Ne8 Rf7 40.Nf6+ Rxf6 41.Qxf6 Qxc5+ 42.Kh1 Ra7
43.Re7 Rxe7 44.Qxe7 Qc3 45.h3 f4 46.Qe5 Qg3 47.Rf1 g5 48.Qxa5 Ng6 49.Qa8+ Kg7
50.Qxc6 Qd3 51.Qf3 Qa6 52.Rf2 Nh4 53.Qd5 Kh6 54.a4 Qg6 55.Re2 Qb1+ 56.Kh2 Qf1
57.Re6+ Ng6 58.a5  1-0

[Event "Berliner Sommer"]
[Site "Berlin"]
[Date "1994.??.??"]
[Round "?"]
[White "Kleeschaetzky, Rainer"]
[Black "Zontakh, Andrey"]
[Result "1/2-1/2"]
[WhiteElo "2285"]
[BlackElo "2440"]

1.e4 c5 2.c3 Nf6 3.e5 Nd5 4.d4 cxd4 5.Nf3 Nc6 6.cxd4 d6 7.Bc4 Nb6 8.Bb5 dxe5
9.Nxe5 Bd7 10.Nc3 Nxe5 11.dxe5 Bxb5 12.Nxb5 Qxd1+ 13.Kxd1 Nd5 14.Bd2 e6 15.Rc1 Kd7
16.Ke2 Be7 17.Rhd1 Rac8 18.Rxc8 Rxc8 19.Nc3 Rc5 20.Nxd5 Rxd5 21.f4 a6 22.Rc1 h5
23.g3 Bd8 24.Be3 Bc7 25.Rc2 Ba5 26.Rc1 Bb4 27.Rc2 Ba5 28.Rc1  1/2-1/2

[Event "Biel op"]
[Site "Biel"]
[Date "1994.??.??"]
[Round "2"]
[White "Sermek, Drazen"]
[Black "Kersten, Uwe"]
[Result "1-0"]
[WhiteElo "2515"]
[BlackElo "2345"]

1.e4 c5 2.c3 Nf6 3.e5 Nd5 4.d4 cxd4 5.Nf3 e6 6.cxd4 Be7 7.Bc4 O-O 8.O-O d6
9.Qe2 Nc6 10.Qe4 Bd7 11.Bd3 f5 12.exf6 Nxf6 13.Qe2 Nd5 14.Nc3 Ncb4 15.Be4 Rc8
16.Bd2 a6 17.Rfe1 Rf7 18.Rac1 b5 19.Bb1 Nxc3 20.bxc3 Nd5 21.Qe4 g6 22.h4 Qf8
23.Qd3 Qg7 24.Bc2 Rcf8 25.Bb3 Rxf3 26.gxf3 Bxh4 27.Re4 Bd8 28.Rce1 Rf5 29.Rxe6 Bxe6
30.Rxe6  1-0

[Event "Biel"]
[Site "Biel"]
[Date "1994.??.??"]
[Round "4"]
[White "Hoffman, Alejandro"]
[Black "Gavrikov, Viktor"]
[Result "0-1"]
[WhiteElo "2500"]
[BlackElo "2600"]

1.e4 c5 2.c3 Nf6 3.e5 Nd5 4.d4 cxd4 5.Nf3 Nc6 6.Bc4 Nb6 7.Bb3 d6 8.exd6 Qxd6
9.O-O Be6 10.Na3 dxc3 11.Qe2 Bxb3 12.Nb5 Qb8 13.axb3 e5 14.bxc3 Be7 15.Re1 Nd7
16.Ng5 Bxg5 17.Bxg5 O-O 18.Rad1 Nc5 19.Qg4 Qc8 20.Qh4 Qf5 21.Nd6 Qg6 22.b4 Nd3
23.Re3 Qxd6 24.Rexd3 Qe6 25.b5 Na5 26.Rd6 Qf5 27.R6d5 Rac8 28.Be7 Rfe8 29.Bb4 Nc4
30.h3 Nb6 31.R5d3 e4 32.Rg3 f6 33.Rd4 Rc4 34.Qh6 Rc7 35.Qd2 Qxb5 36.Qf4 Qe5
37.Rxe4 Qxf4 38.Rxf4 Nc4 39.Rd4 a5 40.Bd6 Rcc8 41.Bf4 Red8 42.Re4 Kf7  0-1

[Event "Biel op"]
[Site "Biel"]
[Date "1994.??.??"]
[Round "4"]
[White "Zifroni, Dov"]
[Black "Lazarev, Vladimir"]
[Result "1/2-1/2"]
[WhiteElo "2370"]
[BlackElo "2435"]

1.e4 c5 2.c3 Nf6 3.e5 Nd5 4.Nf3 Nc6 5.Bc4 Nb6 6.Be2 d6 7.exd6 Qxd6 8.d4 cxd4
9.cxd4 g6 10.Nc3 Bg7 11.Nb5 Qd8 12.d5 Ne5 13.Bf4 Nbd7 14.O-O O-O 15.Re1 a6
16.Nc3 b5 17.Nxe5 Nxe5 18.Bxb5 axb5 19.Bxe5 Bxe5 20.Rxe5 b4 21.Ne2 Qd6 22.Qd4 Rd8
23.Re1 f6 24.Re4 Bf5 25.Rf4 Rxa2 26.Qxb4 Qe5 27.Ng3 Rxb2 28.Rxe5 Rxb4 29.Rxb4 fxe5
30.Nxf5 gxf5 31.g4 fxg4 32.Rxg4+ Kf7 33.Rh4 Kg6 34.Rg4+ Kf6 35.Rh4 Kg6 36.Rg4+ Kf6  1/2-1/2

[Event "Biel op"]
[Site "Biel"]
[Date "1994.??.??"]
[Round "7"]
[White "Cherniaev, Alexander"]
[Black "Tischbierek, Raj"]
[Result "1/2-1/2"]
[WhiteElo "2415"]
[BlackElo "2525"]

1.e4 c5 2.c3 Nf6 3.e5 Nd5 4.Nf3 Nc6 5.Bc4 Nb6 6.Bb3 c4 7.Bc2 d5 8.exd6 e5
9.b3 cxb3 10.axb3 Bg4 11.h3 Bh5 12.d4 Bxd6 13.d5 Ne7 14.c4 Nd7 15.Nc3 h6
16.Bd2 f5 17.Nb5 Nf6 18.Bc3 e4 19.Bxf6 gxf6 20.g4 Bb4+ 21.Kf1 a6 22.Nbd4 Bf7
23.Nh4 fxg4 24.Qxg4 Qd6 25.Nhf5 Nxf5 26.Nxf5 Qe5 27.Qxe4 Qxe4 28.Bxe4 O-O-O
29.Rg1 h5 30.Rg7 Rd7 31.c5 Kb8 32.c6 bxc6 33.Rxa6 cxd5 34.Rxf7 Rxf7 35.Bxd5 Rd7
36.Ra8+ Kc7 37.Rxh8 Rxd5 38.Rxh5 Rd3 39.Rh6 Rxb3 40.h4 Bc3 41.Rh7+ Kc6 42.Re7 Rb5
43.Ng7 Rb4 44.Re3 Be5 45.Rh3 Rb7 46.Nf5 Kd5 47.h5 Rh7 48.Ne3+ Ke6 49.Rh4 f5
50.Nc4 Bc7 51.Nd2 Bd8 52.Rh1 Kf6 53.Nf3  1/2-1/2

[Event "Biel op"]
[Site "Biel"]
[Date "1994.??.??"]
[Round "8"]
[White "Sermek, Drazen"]
[Black "Golubev, Mihail"]
[Result "1/2-1/2"]
[WhiteElo "2515"]
[BlackElo "2545"]

1.e4 c5 2.c3 Nf6 3.e5 Nd5 4.d4 cxd4 5.Nf3 d6 6.cxd4 Nc6 7.Bc4 Nb6 8.Bb5 dxe5
9.Nxe5 Bd7 10.Bxc6 Bxc6 11.Nxc6 bxc6 12.O-O e6 13.Nc3 Be7 14.Qg4 O-O 15.Rd1 Nd5
16.Bh6 Bf6 17.Ne4 Kh8 18.Bg5  1/2-1/2

[Event "Biel op"]
[Site "Biel"]
[Date "1994.??.??"]
[Round "10"]
[White "Zifroni, Dov"]
[Black "Kurniawan, Bobby"]
[Result "1/2-1/2"]
[WhiteElo "2370"]
[BlackElo "2295"]

1.e4 c5 2.c3 Nf6 3.e5 Nd5 4.d4 cxd4 5.Qxd4 e6 6.Nf3 Nc6 7.Qe4 d6 8.Nbd2 dxe5
9.Nxe5 Nxe5 10.Qxe5 Bd7 11.Be2 Qc7 12.Qxc7 Nxc7 13.Bf3 O-O-O 14.O-O e5 15.Nc4 Re8
16.Rd1 e4 17.Be2 Be6 18.Bf4 Nd5 19.Nd6+ Bxd6 20.Bxd6 Rd8 21.Be5 f6 22.Bd4 Kc7
23.g3 Ne7 24.f3 exf3 25.Bxf3 Nc6 26.Kf2 Rd7  1/2-1/2

[Event "GER-ch"]
[Site "Binz"]
[Date "1994.??.??"]
[Round "2"]
[White "Schmittdiel, Eckhard"]
[Black "Knuth, Hannes"]
[Result "1-0"]
[WhiteElo "2495"]
[BlackElo "2350"]

1.e4 c5 2.c3 Nf6 3.e5 Nd5 4.g3 d6 5.exd6 e6 6.Bg2 Bxd6 7.Nf3 O-O 8.O-O Nc6
9.Na3 a6 10.Nc4 Bc7 11.a4 Rb8 12.d3 b5 13.axb5 axb5 14.Ne3 h6 15.Qe2 Bb7
16.Rd1 Ra8 17.Rxa8 Qxa8 18.Ng4 Nde7 19.Nh4 Nf5 20.Nxf5 exf5 21.Ne3 Ne5 22.f4 Bf3
23.Qf1 Bxg2 24.Qxg2 Ng4 25.Nxf5 Qa4 26.Re1 b4 27.Ne7+ Kh8 28.Qh3 Qd7 29.f5 Re8
30.Qxg4 Rxe7 31.Re4 Rxe4 32.Qxe4 bxc3 33.bxc3 Qb5 34.f6 g5 35.h4 Bxg3 36.hxg5 hxg5
37.Qf3 Qb3 38.Qh5+ Kg8 39.Qxg5+ Kf8 40.Qxc5+ Kg8 41.Qc8+ Kh7 42.Qh3+ Kg6
43.Qxg3+ Kxf6 44.Qf3+ Kg7 45.d4  1-0

[Event "Bled op"]
[Site "Bled"]
[Date "1994.??.??"]
[Round "?"]
[White "Sveshnikov, Evgeny"]
[Black "Orel, Oskar"]
[Result "1-0"]
[WhiteElo "2585"]
[BlackElo "2335"]

1.e4 c5 2.c3 Nf6 3.e5 Nd5 4.Nf3 Nc6 5.Bc4 Nb6 6.Be2 d6 7.exd6 Qxd6 8.O-O Bf5
9.Na3 e6 10.d4 a6 11.Be3 cxd4 12.Nxd4 Nxd4 13.Bxd4 e5 14.Bxb6 Qxb6 15.Nc4 Qc7
16.Qd5 f6 17.Ne3 Bd7 18.Qb3 O-O-O 19.Nd5 Qc5 20.Rfd1 Bd6 21.Rd2 Bc7 22.Qc2 Be6
23.b4 Qd6 24.c4 Bxd5 25.Rxd5 Qe7 26.b5 Rxd5 27.cxd5 axb5 28.Rb1 Rd8 29.Rxb5 e4
30.Bg4+ Kb8 31.Be6 Qd6 32.g3 Qe5 33.Qc6  1-0

[Event "Slovan op"]
[Site "Bratislava"]
[Date "1994.??.??"]
[Round "?"]
[White "Macekova, Martina"]
[Black "Privara, Igor"]
[Result "1/2-1/2"]
[WhiteElo "2135"]
[BlackElo "2260"]

1.e4 c5 2.c3 Nf6 3.e5 Nd5 4.d4 cxd4 5.Nf3 Nc6 6.cxd4 d6 7.Bc4 Nb6 8.Bb5 dxe5
9.Nxe5 Bd7 10.Nc3 Nxe5 11.dxe5 Bxb5 12.Qxd8+ Rxd8 13.Nxb5 a6 14.Nc3 e6 15.Ke2 Nd5
16.Nxd5 Rxd5 17.f4 Bc5 18.Be3 Ke7 19.Rhd1 Rhd8 20.Rxd5 Rxd5 21.Rd1 Bxe3 22.Rxd5 Bxf4
23.Rc5 Kd7 24.Kf3 b6 25.Rc2 Bxe5 26.g4 f5 27.Re2 Kd6 28.Rd2+ Kc6 29.Re2 Kd5
30.Rd2+ Kc6 31.Re2 Kd5 32.Rd2+  1/2-1/2

[Event "Schneider mem"]
[Site "Budapest"]
[Date "1994.??.??"]
[Round "?"]
[White "Dovzik, Juri"]
[Black "Pavlin, Vladimir"]
[Result "1-0"]
[WhiteElo "2375"]
[BlackElo "2320"]

1.e4 c5 2.c3 Nf6 3.e5 Nd5 4.d4 d6 5.Nf3 Nc6 6.exd6 Qxd6 7.c4 Nf6 8.d5 Nb4
9.a3 Na6 10.Nc3 g6 11.Bd3 Bg7 12.O-O O-O 13.Bg5 Nc7 14.Qd2 e5 15.Rfe1 Re8
16.h3 Nd7 17.Bh6 Bh8 18.g4 b5 19.Ne4 Qb6 20.b3 Rb8 21.Rab1 a6 22.b4 cxb4
23.Be3 Qb7 24.Nd6 Qa8 25.Nxe8 Nxe8 26.Rxb4 bxc4 27.Bxc4 Nd6 28.Ba2 Rb5 29.a4 Rb7
30.Ng5 Bg7 31.Ne6 Bf6 32.Rc1 e4 33.Bf4 Be5 34.Rxb7 Bxb7 35.Nc5 Nxc5 36.Bxe5 Nd3
37.Bxd6 Nxc1 38.Qxc1  1-0

[Event "Schneider mem"]
[Site "Budapest"]
[Date "1994.??.??"]
[Round "?"]
[White "Rosta, Sandor"]
[Black "Vamos, Viktor"]
[Result "1-0"]
[WhiteElo "2270"]
[BlackElo "2155"]

1.e4 c5 2.c3 Nf6 3.e5 Nd5 4.d4 cxd4 5.cxd4 d6 6.Nf3 Nc6 7.Bc4 Nb6 8.Bb5 dxe5
9.Nxe5 Bd7 10.Bxc6 Bxc6 11.Nxc6 bxc6 12.O-O e6 13.Nc3 Be7 14.Be3 O-O 15.Rc1 Rc8
16.Rc2 Nd5 17.Qe2 Nxc3 18.Rxc3 Qd5 19.b3 Bf6 20.Rfc1 Bxd4 21.Bxd4 Qxd4 22.g3 Qb6
23.Qf3 Qa5 24.a4 c5 25.Qe3 Qb4 26.Rxc5 Rb8 27.R1c3 g6 28.R5c4 Qb7 29.Rc7 Qd5
30.Rxa7 Rb4 31.Qf3 Qxf3 32.Rxf3 e5 33.a5 f5 34.Rc3 Rfb8 35.Rcc7 Rxb3 36.Rg7+ Kh8
37.Rxh7+ Kg8 38.Rag7+ Kf8 39.Rf7+ Kg8 40.Rhg7+ Kh8 41.Rxg6 e4 42.Rxf5 Kh7
43.Re6  1-0

[Event "Schneider mem"]
[Site "Budapest"]
[Date "1994.??.??"]
[Round "?"]
[White "Dovzik, Juri"]
[Black "Timar, Zsolt"]
[Result "1/2-1/2"]
[WhiteElo "2375"]
[BlackElo "2225"]

1.e4 c5 2.c3 Nf6 3.e5 Nd5 4.d4 e6 5.Nf3 Qc7 6.c4 Nb6 7.d5 d6 8.Bf4 exd5 9.cxd5 Be7
10.Nc3 Bd7 11.Nb5 Bxb5 12.Bxb5+ Kf8 13.O-O a6 14.Ba4 Nxa4 15.Qxa4 b5 16.Qe4 Nd7
17.Rad1 h6 18.h4 Rd8 19.Rfe1 Nxe5 20.Nxe5 dxe5 21.Bxe5 Bd6 22.f4 h5 23.Rd3 c4
24.Rde3 Kg8 25.Qf5 Qd7 26.Qg5 Bxe5 27.fxe5 Qxd5 28.Rg3 g6 29.Qf6 Kh7 30.Kh2 Rhg8
31.e6 Qf5 32.Qxf5 gxf5 33.exf7 Rgf8 34.Re7 Rd4 35.Kh3 Re4 36.Ra7 Re2 37.b3 f4
38.Rf3 Re3 39.bxc4 bxc4 40.Rc7 Kg7 41.Rxc4 Rxf3+ 42.gxf3 Rxf7 43.Ra4 Rf6
44.Kg2 Kg6 45.Kf2 Rb6 46.Ke2 Re6+ 47.Kd2 Kf5 48.Ra5+ Kg6 49.Rg5+ Kf6 50.Rd5 Re3
51.Rd3 Re5 52.Ra3 a5 53.Rb3 Ke6 54.Kd3 a4 55.Rc3 Kd5 56.Kd2 Kd4 57.Ra3 Ra5
58.Rd3+ Kc4 59.Rc3+ Kd4 60.Rc8 Rb5 61.Rd8+ Kc4 62.Rc8+ Kd4 63.Rd8+ Kc4 64.Rc8+ Kd4
65.Rd8+ Kc4  1/2-1/2

[Event "Budapest FS08 IM"]
[Site "Budapest"]
[Date "1994.??.??"]
[Round "1"]
[White "Shrentzel, Mordechai"]
[Black "Farago, Sandor"]
[Result "1-0"]
[WhiteElo "2290"]
[BlackElo "2360"]

1.e4 c5 2.c3 Nf6 3.e5 Nd5 4.Nf3 d6 5.d4 cxd4 6.cxd4 Nc6 7.Bc4 Nb6 8.Bb5 a6
9.Bxc6+ bxc6 10.O-O Bg4 11.h3 Bh5 12.g4 Bg6 13.e6 fxe6 14.Re1 Qd7 15.Nc3 Nd5
16.Ng5 Nc7 17.Ne2 e5 18.dxe5 dxe5 19.Qxd7+ Kxd7 20.Nf3 Be8 21.Nxe5+ Kc8 22.Nd4 Kb7
23.Be3 e6 24.Rec1 Nd5 25.Ndxc6 Nxe3 26.fxe3 Bd6 27.Rc3 a5 28.Rd1 Bc7 29.Rdc1 Ra6
30.Rb3+ Ka8 31.Nb4 Ra7 32.Nbd3 Rf8 33.Rbc3 Bb6 34.Nc4 Bc7 35.Rf1 Rxf1+ 36.Kxf1 Bb5
37.Kf2 Ra6 38.Na3 Bxd3 39.Rxd3 Rb6 40.b3 a4 41.Nc4 Rb7 42.Kf3 Bb8 43.Ke4 Ka7
44.Na5 Rb4+ 45.Rd4 Rxd4+ 46.Kxd4 Kb6 47.b4 Kb5 48.a3 Ba7+ 49.Kd3 Bb6 50.Nc4 Bc7
51.Nd2 Be5 52.Nb1 Bb2 53.Nc3+ Kc6 54.Nxa4 Bxa3 55.Kc4 Bc1 56.e4 Be3 57.Nc5 Kd6
58.Nd3 Kc6 59.e5 Bg1 60.Ne1 Bh2 61.Nf3 Bf4 62.Kd4 Bc1 63.Ke4 Ba3 64.Nd4+ Kd7
65.b5 Bc5 66.Nf3 h6 67.Nd2 Kc7 68.Nc4 Kd7 69.Kd3 Kc7 70.Kc3 Bf2 71.Nd6 Kd7
72.Ne4 Bg1 73.Kc4 Bh2 74.Nc5+ Ke7 75.b6 Bxe5 76.b7 Bb8 77.Na6 Ba7 78.Kd3 Kf6
79.Ke4 Kg5 80.Kf3 Kh4 81.Kg2 e5 82.b8=Q Bxb8 83.Nxb8 e4 84.Nc6 h5 85.gxh5 Kxh5
86.Kg3 Kg5 87.Nd4 g6 88.Nc2 Kh5 89.Ne3 Kg5 90.Nd5 Kf5 91.Nf4 Kg5 92.Ng2 Kf5
93.Kh4 Kf6 94.Kg4 g5 95.Ne3 Kg6 96.Nf5 Kf6 97.Ng3 e3 98.Ne4+ Kg6 99.Nxg5 e2
100.Nf3 Kh6 101.Kg3 Kh5 102.Kf2 e1=Q+ 103.Kxe1 Kg6 104.Kf2 Kh5 105.Kg3 Kg6
106.Kg4 Kh6 107.h4 Kg6 108.h5+ Kh6 109.Ne5 Kh7 110.Kg5 Kg7 111.h6+ Kg8 112.Kg6 Kh8
113.Nf7+ Kg8 114.h7+  1-0

[Event "Budapest FS07 IM"]
[Site "Budapest"]
[Date "1994.??.??"]
[Round "3"]
[White "Acs, Peter"]
[Black "Leroy, Adrien"]
[Result "1/2-1/2"]
[WhiteElo "2215"]
[BlackElo "2220"]

1.e4 c5 2.c3 Nf6 3.e5 Nd5 4.d4 cxd4 5.Nf3 Nc6 6.Bc4 Nb6 7.Bb3 d5 8.exd6 Qxd6
9.O-O g6 10.Ng5 e6 11.Ne4 Qe5 12.Re1 Be7 13.cxd4 Nxd4 14.Bd2 Nxb3 15.axb3 Nd5
16.Nbc3 O-O 17.Ra5 Qd4 18.Qf3 f5 19.Nxd5 Bd8 20.Bc3 fxe4 21.Qg3 Qxf2+ 22.Qxf2 Rxf2
23.Ne7+ Kf7 24.Kxf2 Bxa5 25.Bxa5 Kxe7 26.Rxe4 Bd7 27.Bb4+ Kf7 28.Rf4+ Kg7
29.Ke3 Bc6 30.Kd4 Bxg2 31.Ke5 Bd5 32.Be7 h6 33.Bf6+ Kh7 34.Be7 g5 35.Rf7+ Kg6
36.Rf6+ Kg7 37.Rf2 Bxb3 38.h4 g4 39.h5 Bd5 40.Rf6 g3 41.Rg6+ Kf7 42.Bc5 g2
43.Rxh6 Rg8 44.Rf6+ Ke8 45.Rg6 Rxg6 46.hxg6 b6 47.Be3 Ke7 48.Bg1 Bc6 49.Bd4 Be8
50.g7 Bf7 51.Kf4 Bg8 52.Kg3 e5 53.Be3 Bd5 54.g8=Q Bxg8 55.Kxg2 Kd6 56.Kf3 Kd5
57.Ke2 Bh7 58.Kd2 Kc4 59.Bg1 Kb3 60.Kc1 Kc4 61.Kd2 Kb3 62.Kc1 Bd3 63.Bf2 Be2
64.Bg1 Bf3 65.Bf2 Bh5 66.Bg1 Bg6 67.Bf2 Bd3 68.Bg1 e4 69.Bf2 Kb4 70.Kd2 Kc4
71.Bg1 Kb4 72.Bf2 Kc4 73.Bg1 Kb5 74.Kc3 a5 75.Bf2 Kc6 76.Kd4 Kb5 77.Kc3 Kc6
78.Kd4 b5 79.Be3 b4 80.Bh6 Kb5 81.Bg5 Bc2 82.Be7 Ka4 83.Bd8 Bd3 84.Bc7 Kb5
85.Bd6 Bc2 86.Be7 Bd3 87.Bd8 a4 88.Be7 Bc2 89.Bd6 a3 90.bxa3 b3 91.Kc3 e3
92.Bg3 Ka4 93.Kb2 Bd1 94.Be1 Bg4 95.Bc3 Be6 96.Be1 Bf7 97.Bc3 Kb5 98.Be1 Kc4
99.a4 Kd3 100.a5  1/2-1/2

[Event "Budapest Spring op"]
[Site "Budapest"]
[Date "1994.??.??"]
[Round "5"]
[White "Rovid, Kalman"]
[Black "Suta, Mihai"]
[Result "1-0"]
[WhiteElo "2350"]
[BlackElo "2235"]

1.e4 c5 2.c3 Nf6 3.e5 Nd5 4.Nf3 e6 5.d4 cxd4 6.cxd4 d6 7.Nc3 Nc6 8.Bd3 Be7
9.O-O O-O 10.Bd2 Bd7 11.a3 Qb6 12.Na4 Qc7 13.Rc1 Rac8 14.Re1 Qb8 15.Nc3 Nxc3
16.Rxc3 f5 17.exd6 Qxd6 18.d5 exd5 19.Be3 b6 20.Ba6 Rcd8 21.g3 Be8 22.Bf4 Qg6
23.Rxc6 Qxc6 24.Rxe7 b5 25.Bb7 Qc5 26.Rc7 Qb6 27.Bxd5+ Kh8 28.Qb3  1-0

[Event "Budapest FS03 IM-A"]
[Site "Budapest"]
[Date "1994.??.??"]
[Round "5"]
[White "Palkovi, Jozsef"]
[Black "Grabics, Monika"]
[Result "1-0"]
[WhiteElo "2410"]
[BlackElo "2295"]

1.e4 c5 2.c3 Nf6 3.e5 Nd5 4.d4 cxd4 5.Nf3 Nc6 6.Bc4 Nb6 7.Bb3 d5 8.exd6 Qxd6
9.O-O Be6 10.Na3 dxc3 11.Qe2 Bxb3 12.Nb5 Qb8 13.axb3 e5 14.Nfd4 Nxd4 15.Nxd4 f6
16.bxc3 Bd6 17.Nf5 g6 18.Nxd6+ Qxd6 19.f4 Nd7 20.Rd1 Qc7 21.Ba3 Kf7 22.Qc4+ Qxc4
23.Rxd7+ Ke6 24.Re7+ Kf5 25.bxc4 Kxf4 26.Rxb7 Rac8 27.c5 Rhd8 28.Rxa7 Rd3
29.Rf1+ Kg5 30.Bc1+ Kg4 31.h3+ Kg3 32.Ra4 f5 33.Bd2  1-0

[Event "Budapest FS02 IM-A"]
[Site "Budapest"]
[Date "1994.??.??"]
[Round "6"]
[White "Dutschak, Hauke"]
[Black "Schneider, Attila"]
[Result "0-1"]
[WhiteElo "2305"]
[BlackElo "2380"]

1.e4 c5 2.c3 Nf6 3.e5 Nd5 4.Bc4 Nb6 5.Bb3 d5 6.exd6 Qxd6 7.d4 cxd4 8.Nf3 Nc6
9.O-O Be6 10.Bxe6 Qxe6 11.Re1 Qd7 12.cxd4 Rd8 13.Nc3 e6 14.Qb3 Be7 15.Be3 O-O
16.Rac1 Bf6 17.Ne4 Be7 18.Ne5 Qd5 19.Qxd5 exd5 20.Nxc6 bxc6 21.Nd2 Bb4 22.b3 Rfe8
23.Red1 Re6 24.Rc2 Rc8 25.Nb1 Kf8 26.Kf1 Ke8 27.Ke2 Kd7 28.Kd3 Rce8 29.Nd2 Nc8
30.Rdc1 Ba3 31.Rb1 Bb4 32.a3 Bf8 33.b4 Nb6 34.Rbc1 a6 35.Rc3 Ra8 36.Rb1 Na4
37.Rc2 Nb6 38.g3 f6 39.h4 h5 40.Rcc1 Bd6 41.Nb3 Nc4 42.Nc5+ Bxc5 43.bxc5 Nxe3
44.Rb7+ Kc8 45.Rxg7 Nf5 46.Rg8+ Kb7 47.Rb1+ Ka7 48.Rg6 Rb8 49.Rxb8 Kxb8 50.g4 hxg4
51.h5 Ne7 52.Rxg4 f5 53.Rg7 Kc7 54.h6 Kd7 55.h7 Rh6 56.Ke3 Ke6 57.a4 Rh3+
58.f3 Kf6 59.Rg8 Rxh7 60.Ra8 Rh4 61.Rxa6 f4+ 62.Kf2 Rh2+ 63.Ke1 Ra2 64.a5 Ra4
65.Ra8 Rxd4 66.a6 Ra4 67.a7 Ke6 68.Kd2 Kd7 69.Kc3 Nc8  0-1

[Event "Budapest FS02 IM (Women)"]
[Site "Budapest"]
[Date "1994.??.??"]
[Round "7"]
[White "Vajda, Szidonia"]
[Black "Nemeth, Maria"]
[Result "0-1"]
[WhiteElo "2155"]
[BlackElo "2115"]

1.e4 c5 2.c3 Nf6 3.e5 Nd5 4.d4 cxd4 5.Nf3 e6 6.cxd4 Nc6 7.Nc3 Nxc3 8.bxc3 d5
9.exd6 Qa5 10.Bd2 Bxd6 11.Bd3 h6 12.O-O O-O 13.Qe2 Qh5 14.Rfe1 Bd7 15.c4 Nxd4
16.Qe4 Nxf3+ 17.gxf3 f5 18.Qd4 Bxh2+ 19.Kg2 Bc6 20.Qe3 Rf6 21.Rh1 Bxf3+ 22.Qxf3 Rg6+
23.Qg3 Rxg3+ 24.fxg3 Rd8 25.Rxh2 Qg6 26.Bf4 Rxd3 27.Rhh1 Rd4 28.Rhf1 Rxc4
29.Rf2 Qe8 30.Re1 Qc6+ 31.Kh3 g5 32.Be3 Kf7 33.Bxa7 Rc1 34.Rxc1 Qxc1 35.Kh2 Qc4
36.Be3 Kg6 37.Rg2 e5 38.Bg1 Kh5 39.g4+ fxg4 40.a4 Qxa4 41.Bf2 b5 42.Bg3 Qd4
43.Bf2 Qe4 44.Bg3 b4 45.Rb2 Qd4 46.Rg2 b3 47.Bf2 Qe4 48.Bg3 Qxg2+  0-1

[Event "Budapest FS03 IM-A"]
[Site "Budapest"]
[Date "1994.??.??"]
[Round "7"]
[White "Palkovi, Jozsef"]
[Black "Sapi, Laszlo"]
[Result "1-0"]
[WhiteElo "2410"]
[BlackElo "2285"]

1.e4 c5 2.c3 Nf6 3.e5 Nd5 4.d4 cxd4 5.Nf3 Nc6 6.Bc4 Nb6 7.Bb3 d5 8.exd6 Qxd6
9.O-O Bf5 10.Nxd4 Nxd4 11.cxd4 e6 12.Qf3 Be7 13.Nc3 Qd7 14.d5 e5 15.a4 a5
16.Qe3 Ra6 17.Qxe5 O-O 18.Ne4 Re8 19.Re1 Raa8 20.Qd4 Bb4 21.Bh6 f6 22.Nxf6+ gxf6
23.d6+ Be6 24.Rxe6 Rxe6 25.Qxf6 Re8 26.Bxe6+ Rxe6 27.Qf8+  1-0

[Event "Budapest FS02 IM (Women)"]
[Site "Budapest"]
[Date "1994.??.??"]
[Round "7"]
[White "Holoubkova, Martina"]
[Black "Csoke, Adrienn"]
[Result "1/2-1/2"]
[WhiteElo "2210"]
[BlackElo "2200"]

1.e4 c5 2.c3 Nf6 3.e5 Nd5 4.d4 cxd4 5.Nf3 e6 6.cxd4 d6 7.Bc4 Bd7 8.O-O Bc6
9.Nc3 Nxc3 10.bxc3 Be7 11.exd6 Bxd6 12.d5 exd5 13.Re1+ Kf8 14.Bxd5 Bxd5 15.Qxd5 Nc6
16.Qb3 Qc7 17.Ba3 Bxa3 18.Qxa3+ Kg8 19.Nd4 h5 20.Qc5 Qa5 21.Qxa5 Nxa5 22.Re7 Rc8
23.Nb3 Nxb3 24.axb3 Rxc3 25.Rxb7 Rh6 26.Kf1 a6 27.Ra7 Rxb3  1/2-1/2

[Event "Budapest Spring op"]
[Site "Budapest"]
[Date "1994.??.??"]
[Round "9"]
[White "Rovid, Kalman"]
[Black "Ruck, Robert"]
[Result "1/2-1/2"]
[WhiteElo "2350"]
[BlackElo "2420"]

1.e4 c5 2.c3 Nf6 3.e5 Nd5 4.Nf3 d6 5.exd6 Qxd6 6.d4 cxd4 7.Nxd4 a6 8.Nd2 e6
9.Be2 Be7 10.O-O O-O 11.Bf3 Rd8 12.Nc4 Qc7 13.Qe2 Bf6 14.Rd1 b5 15.Ne3 Bb7
16.Ng4 Bxd4 17.Rxd4 Nc6 18.Rd3 h5 19.Bxd5 Rxd5 20.Rxd5 exd5 21.Ne3 Qe5 22.Qf3 Re8  1/2-1/2

[Event "Budapest FS02 IM-A"]
[Site "Budapest"]
[Date "1994.??.??"]
[Round "10"]
[White "Vajda, Levente"]
[Black "Schneider, Attila"]
[Result "1/2-1/2"]
[WhiteElo "2200"]
[BlackElo "2380"]

1.e4 c5 2.c3 Nf6 3.e5 Nd5 4.d4 cxd4 5.Nf3 d6 6.cxd4 Nc6 7.Bc4 Nb6 8.Bb5 dxe5
9.Nxe5 Bd7 10.Nc3 Nxe5 11.dxe5 Bxb5 12.Nxb5 Qxd1+ 13.Kxd1 Nd5  1/2-1/2

[Event "Budapest FS02 IM-A"]
[Site "Budapest"]
[Date "1994.??.??"]
[Round "13"]
[White "Huber, Armin"]
[Black "Geisler, Fabian"]
[Result "1-0"]
[WhiteElo "2305"]
[BlackElo "2265"]

1.e4 c5 2.c3 Nf6 3.e5 Nd5 4.Nf3 e6 5.Be2 b6 6.d4 cxd4 7.cxd4 Be7 8.O-O O-O
9.Re1 Bb7 10.Nbd2 f5 11.exf6 gxf6 12.Ne4 Kh8 13.Nc3 Rg8 14.Bd3 Qf8 15.Nxd5 Bxd5
16.Be4 Qg7 17.g3 Bxe4 18.Rxe4 Qf7 19.Bf4 Nc6 20.a3 Rac8 21.Re2 Qh5 22.Rc2 Qd5
23.Rc3 Rg4 24.Qd2 Rcg8 25.Rd1 b5 26.Ne1 Bd6 27.Bxd6 Rxd4 28.Rd3 e5 29.Bb4 Nxb4
30.Rxd4  1-0

[Event "Buenos Aires PRENAJ"]
[Site "Buenos Aires"]
[Date "1994.??.??"]
[Round "1"]
[White "Bruno, Eduardo"]
[Black "Scarella, Enrique"]
[Result "0-1"]
[WhiteElo "2310"]
[BlackElo "2405"]

1.e4 c5 2.c3 Nf6 3.e5 Nd5 4.d4 cxd4 5.cxd4 e6 6.Nc3 Nxc3 7.bxc3 Qc7 8.Bd2 d6
9.Nf3 Nd7 10.exd6 Bxd6 11.Bd3 O-O 12.Qc2 h6 13.Qc1 f5 14.Qc2 b6 15.Qb3 Kh7
16.h4 Nf6 17.O-O-O Ne4 18.Bxe4 fxe4 19.Qc2 e5 20.Be3 Bg4 21.Nxe5 Bxe5 22.f3 Bf4
23.Rhe1 Bd7 24.fxe4 Ba4 25.Qxa4 Qxc3+  0-1

[Event "ARG-ch"]
[Site "Buenos Aires"]
[Date "1994.??.??"]
[Round "3"]
[White "Paglilla, Carlos"]
[Black "Panno, Oscar"]
[Result "0-1"]
[WhiteElo "2400"]
[BlackElo "2520"]

1.e4 c5 2.c3 Nf6 3.e5 Nd5 4.d4 cxd4 5.Nf3 e6 6.cxd4 b6 7.Nc3 Nxc3 8.bxc3 Qc7
9.Bd2 d6 10.Bd3 Nd7 11.Ng5 Bb7 12.exd6 Bxd6 13.Be4 Nf6 14.Qa4+ Ke7 15.Bxb7 Qxb7
16.O-O h6 17.Nf3 Rhc8 18.Rfe1 Qd5 19.Rab1 Qc4 20.Qc2 Kf8 21.Qc1 Qxa2 22.Bxh6 gxh6
23.Ra1 Qd5 24.Qxh6+ Ke7 25.Ne5 Rg8 26.g3 Bxe5 27.dxe5 Nd7 28.Qh4+ Ke8 29.Rad1 Qc5
30.Qh5 Rc8 31.Rd3 Nf6 32.Qf3 Nd5 33.Red1 Qc4 34.h4 Qxh4 35.Rd4 Qh3 36.c4 Ne7
37.Qb7 Rxg3+ 38.fxg3 Qxg3+ 39.Kf1 Qxe5 40.Rd7 Qf5+ 41.Ke2 Qe5+ 42.Kf1 Qf4+
43.Ke1 Qh4+ 44.Kd2 Rxc4  0-1

[Event "ARG-ch"]
[Site "Buenos Aires"]
[Date "1994.??.??"]
[Round "5"]
[White "Paglilla, Carlos"]
[Black "Giardelli, Sergio C"]
[Result "0-1"]
[WhiteElo "2400"]
[BlackElo "2475"]

1.e4 c5 2.c3 Nf6 3.e5 Nd5 4.d4 cxd4 5.Nf3 e6 6.Qxd4 Qc7 7.Nbd2 Nc6 8.Qe4 f5
9.exf6 Nxf6 10.Qc2 d5 11.Nb3 e5 12.Be3 Be7 13.h3 O-O 14.Be2 Bd7 15.O-O Rad8
16.Rfe1 Qc8 17.Nfd2 Bd6 18.Bd3 b6 19.Nf1 Rf7 20.Rad1 Rdf8 21.Ng3 Bb8 22.Bf5 Bxf5
23.Qxf5 Qc7 24.Qd3 e4 25.Qe2 Ne5 26.Nd4 Qc8 27.Ngf5 Ne8 28.Ng3 Nd6 29.Nb3 Nd3
30.Rxd3 exd3 31.Qxd3 Nc4 32.Qxd5 Nxb2 33.Bd4 Qc4 34.Qg5 Bf4 35.Qg4 Bxg3 36.Qxg3 Qd3
37.Qe5 Qf5 38.Qe3 Nd3 39.Rf1 Nf4 40.Kh2 Nd5 41.Qg3 Qc2 42.Re1 Qxa2 43.c4 Nf4
44.Re5 Ne2 45.Nc1 Nxg3 46.Nxa2 Nf5 47.Bb2 Nd6  0-1

[Event "ARG-World"]
[Site "Buenos Aires"]
[Date "1994.??.??"]
[Round "7"]
[White "Hoffman, Alejandro"]
[Black "Cramling, Pia"]
[Result "1-0"]
[WhiteElo "2540"]
[BlackElo "2515"]

1.e4 c5 2.c3 Nf6 3.e5 Nd5 4.d4 cxd4 5.Nf3 Nc6 6.Bc4 Nb6 7.Bb3 d5 8.exd6 Qxd6
9.O-O Be6 10.Na3 Bxb3 11.Qxb3 Rc8 12.Rd1 Qd5 13.Nxd4 Qxb3 14.axb3 e6 15.Nxc6 Rxc6
16.b4 Be7 17.Be3 Nc8 18.b5 Rc7 19.Bxa7 Bxa3 20.Rxa3 b6 21.Bb8 Rc5 22.Rb3 Ke7
23.Bf4 Rd8 24.Rxd8 Kxd8 25.Kf1 Rc4 26.g3 f6 27.Ke2 e5 28.Be3 Kc7 29.Ra3 Kb7
30.Ra6 Rc7 31.Kd3 Rd7+ 32.Kc2 Rc7 33.b3 g5 34.c4 h6 35.Ra1 f5 36.Re1 Nd6
37.Kb2 Rd7 38.Re2 f4 39.Bc1 Nf7 40.b4 Rc7 41.Kb3 Nd6 42.Rc2 Nf5 43.Bb2 e4
44.c5 Re7 45.g4 Nh4 46.Bf6 Re8 47.c6+ Kc7 48.Bc3 Nf3 49.Ra2 Nxh2 50.Ra7+ Kd6
51.Rd7+ Ke6 52.Rd4 Kf7 53.Rd7+ Ke6 54.Rd4 Kf7 55.c7 Rc8 56.Rc4 e3 57.fxe3 fxe3
58.Kc2 e2 59.Kd2 Re8 60.Kd3 Nf3 61.c8=Q e1=Q 62.Bxe1 Nxe1+ 63.Kc3 Rxc8 64.Rxc8  1-0